000 00545nam a2200133 a 4500
008 120416s0000 ||||||||||||||||| || u
020 _a0677125704
050 _aTA 405 Sym
100 _aLindholm, Ulric S
245 1 0 _aAdvanced experimental techniques in the mechanics of materials
_cedited by Philip H. Francis
260 _aLondon
_bGordon and Breach Science Publishers
_c1973
350 _a0.00
995 _D0.00
_FCBU-MAIN LIBRARY (Kitwe)
_H1
_I12.50
_M1
_UDAMAGED
_ZMain Library Open Access Collection
999 _c33555
_d33555